[Event "Edmonton ch"]
[Site "Edmonton CAN"]
[Date "2010.01.14"]
[Round "1"]
[White "Pua, Richard"]
[Black "Wang, Richard"]
[Result "0-1"]
[WhiteElo "1985"]
[BlackElo "2154"]
[PlyCount "42"]
[GameId "2160767910029438"]
[EventDate "2010.01.07"]
[EventType "k.o."]
[EventRounds "8"]
[EventCountry "CAN"]
[SourceTitle "EXT 2011"]
[Source "ChessBase"]
[SourceDate "2011.11.26"]
[SourceVersion "1"]
[SourceVersionDate "2011.11.26"]
[SourceQuality "1"]

1. d4 d5 2. Nf3 Nf6 3. e3 e6 4. Bd3 c5 5. b3 Be7 6. O-O O-O 7. Ne5 Nc6 8. Bb2 cxd4 9. exd4 Nxe5 10. dxe5 Nd7 11. f4 Nc5 12. Rf3 f5 13. exf6 Bxf6 14. Nc3 Qc7 15. Kh1 Bd7 16. f5 Bxc3 17. Bxc3 e5 18. Be2 d4 19. Bc4+ Kh8 20. Be1 Bxf5 21. Bg3 Ne4 0-1

[Event "Edmonton ch"]
[Site "Edmonton CAN"]
[Date "2010.01.21"]
[Round "2"]
[White "Wang, Richard"]
[Black "Reeve, Jeff"]
[Result "1/2-1/2"]
[WhiteElo "2154"]
[BlackElo "2306"]
[PlyCount "89"]
[GameId "2160767910029462"]
[EventDate "2010.01.07"]
[EventType "k.o."]
[EventRounds "8"]
[EventCountry "CAN"]
[SourceTitle "EXT 2011"]
[Source "ChessBase"]
[SourceDate "2011.11.26"]
[SourceVersion "1"]
[SourceVersionDate "2011.11.26"]
[SourceQuality "1"]

1. d4 g6 2. Nf3 Bg7 3. c3 Nf6 4. Bg5 O-O 5. Nbd2 d5 6. e3 Nbd7 7. b4 Ne4 8. Nxe4 dxe4 9. Nd2 h6 10. Bh4 f5 11. Bc4+ Kh7 12. f4 c6 13. g4 Nb6 14. gxf5 Bxf5 15. Qc2 Nd5 16. Bxd5 cxd5 17. Nb3 Rc8 18. O-O-O b6 19. Kb2 Qd6 20. Rc1 Rc7 21. Qe2 Rfc8 22. Qa6 Rb8 23. Rhg1 Bc8 24. Qe2 a5 25. a3 Bf5 26. Qb5 Bd7 27. Qe2 a4 28. Nd2 b5 29. Nf1 Rc4 30. Qg2 Rf8 31. Ng3 Rf7 32. Rcf1 Rc8 33. Ne2 Qc6 34. Be1 Rf6 35. Bh4 Rf7 36. Be1 Bf5 37. Nc1 Bf6 38. Qe2 Rg7 39. h4 h5 40. Qh2 Qc4 41. Rf2 Rh8 42. Rfg2 Qc6 43. Ne2 Qd7 44. Rg3 Kh6 45. Nc1 1/2-1/2

[Event "Battle of Alberta"]
[Site "Red Deer CAN"]
[Date "2009.09.26"]
[Round "1.8"]
[White "Wang, Richard"]
[Black "Kaminski, Thomas"]
[Result "1/2-1/2"]
[WhiteElo "2138"]
[BlackElo "2218"]
[PlyCount "63"]
[GameId "2160767910096639"]
[EventDate "2009.09.26"]
[EventType "team"]
[EventRounds "2"]
[EventCountry "CAN"]
[SourceTitle "EXT 2011"]
[Source "ChessBase"]
[SourceDate "2011.11.26"]
[SourceVersion "1"]
[SourceVersionDate "2011.11.26"]
[SourceQuality "1"]

1. d4 Nf6 2. Nf3 d5 3. e3 Bf5 4. c4 e6 5. Nc3 c6 6. Nh4 Bg6 7. Qb3 Qc7 8. Bd2 Nbd7 9. Rc1 Nb6 10. cxd5 Nbxd5 11. Nxd5 exd5 12. g3 Be4 13. f3 Bg6 14. Bg2 Bd6 15. O-O O-O 16. Nxg6 hxg6 17. e4 Be7 18. e5 Ne8 19. f4 Qb6 20. Qd3 Nc7 21. Be3 Qa6 22. Qb1 Ne6 23. Bh3 Qe2 24. Rce1 Qh5 25. Bxe6 fxe6 26. b4 Qf5 27. Qb3 a6 28. a4 Rfc8 29. Rc1 Kf7 30. Rf2 Qe4 31. Re2 Rh8 32. Rcc2 1/2-1/2

[Event "Battle of Alberta"]
[Site "Red Deer CAN"]
[Date "2009.09.26"]
[Round "2.8"]
[White "Kaminski, Thomas"]
[Black "Wang, Richard"]
[Result "1-0"]
[WhiteElo "2218"]
[BlackElo "2138"]
[PlyCount "131"]
[GameId "2160767910096651"]
[EventDate "2009.09.26"]
[EventType "team"]
[EventRounds "2"]
[EventCountry "CAN"]
[SourceTitle "EXT 2011"]
[Source "ChessBase"]
[SourceDate "2011.11.26"]
[SourceVersion "1"]
[SourceVersionDate "2011.11.26"]
[SourceQuality "1"]

1. c4 e6 2. Nf3 Nf6 3. g3 d5 4. b3 Be7 5. Bg2 b6 6. O-O O-O 7. Bb2 Bb7 8. d3 c5 9. Nbd2 Na6 10. a3 Nc7 11. Qc2 a6 12. e4 d4 13. e5 Nd7 14. Rfe1 f5 15. exf6 gxf6 16. Nh4 Bxg2 17. Nxg2 f5 18. f4 Bf6 19. Nf3 Re8 20. Qf2 b5 21. Ne5 Nxe5 22. fxe5 Bg5 23. h4 Bh6 24. Bc1 Bxc1 25. Rexc1 bxc4 26. Rxc4 Qd5 27. Qf4 Nb5 28. Qg5+ Kh8 29. Qf6+ Kg8 30. Nf4 Qf3 31. Qg5+ Kh8 32. Nh5 Qe3+ 33. Qxe3 dxe3 34. Rxc5 Nd4 35. Kg2 Nxb3 36. Rc7 Rac8 37. Rb7 Rb8 38. Ra7 Ra8 39. Rxa8 Rxa8 40. Rb1 Nc5 41. d4 Ne4 42. Re1 Rd8 43. Rxe3 Rxd4 44. Rb3 Rd8 45. Rb6 Re8 46. Rxa6 Kg8 47. Nf4 Kf7 48. Ra7+ Re7 49. Rxe7+ Kxe7 50. Nd3 Kd7 51. Kf3 Kc6 52. Kf4 Kd5 53. a4 Kc4 54. Ne1 h5 55. Nf3 Kb4 56. Nd4 Nc5 57. Kg5 Kxa4 58. Kxh5 Kb4 59. Kg6 Kc4 60. Nf3 Kd5 61. h5 Nd7 62. Kg7 Ke4 63. h6 Kxf3 64. h7 Nxe5 65. h8=Q Kxg3 66. Qb8 1-0

[Event "CAN-ch U20"]
[Site "Victoria CAN"]
[Date "2009.07.25"]
[Round "1"]
[White "Wang, Richard"]
[Black "Sapozhnikov, Roman"]
[Result "1/2-1/2"]
[WhiteElo "2097"]
[BlackElo "2350"]
[PlyCount "91"]
[GameId "2160767910093429"]
[EventDate "2009.07.25"]
[EventType "swiss"]
[EventRounds "7"]
[EventCountry "CAN"]
[SourceTitle "EXT 2011"]
[Source "ChessBase"]
[SourceDate "2011.11.26"]
[SourceVersion "1"]
[SourceVersionDate "2011.11.26"]
[SourceQuality "1"]

1. d4 Nf6 2. Nf3 g6 3. Bg5 Bg7 4. Nbd2 d5 5. e3 O-O 6. c3 c6 7. Bd3 Bf5 8. Qc2 Bxd3 9. Qxd3 Nbd7 10. O-O c5 11. Rfe1 Re8 12. Ne5 Nxe5 13. dxe5 Ng4 14. f4 f6 15. exf6 exf6 16. Bh4 g5 17. Bf2 Qd7 18. h3 Nxf2 19. Kxf2 gxf4 20. exf4 f5 21. g3 Rad8 22. Rad1 Re6 23. Nf3 Rd6 24. Nh4 Rf8 25. b3 b5 26. Nf3 a6 27. Ne5 Qb7 28. Rd2 d4 29. c4 Rh6 30. h4 Re6 31. Rde2 Re7 32. cxb5 axb5 33. a4 Bxe5 34. Rxe5 Rxe5 35. Rxe5 bxa4 36. Qc4+ Qf7 37. Qxf7+ Rxf7 38. Rxc5 axb3 39. Rb5 Rc7 40. Rxb3 Rc2+ 41. Kf3 Rc3+ 42. Rxc3 dxc3 43. Ke3 Kg7 44. Kd3 Kg6 45. Kxc3 Kh5 46. Kd4 1/2-1/2

[Event "CAN-ch U20"]
[Site "Victoria CAN"]
[Date "2009.07.25"]
[Round "2"]
[White "Cheng, Jack"]
[Black "Wang, Richard"]
[Result "1/2-1/2"]
[WhiteElo "2048"]
[BlackElo "2097"]
[PlyCount "51"]
[GameId "2160767910093431"]
[EventDate "2009.07.25"]
[EventType "swiss"]
[EventRounds "7"]
[EventCountry "CAN"]
[SourceTitle "EXT 2011"]
[Source "ChessBase"]
[SourceDate "2011.11.26"]
[SourceVersion "1"]
[SourceVersionDate "2011.11.26"]
[SourceQuality "1"]

1. e4 c5 2. Nf3 d6 3. d4 cxd4 4. Nxd4 Nf6 5. Nc3 g6 6. Be3 Bg7 7. f3 Nc6 8. Qd2 Bd7 9. O-O-O Rc8 10. h4 Ne5 11. g4 h5 12. g5 Nh7 13. Be2 O-O 14. Rdf1 Nc4 15. Bxc4 Rxc4 16. f4 e6 17. Rhg1 Qa5 18. Kb1 Rfc8 19. Nb3 Qa6 20. Bd4 b5 21. Bxg7 Kxg7 22. a3 Qb6 23. Rd1 R8c6 24. Nd4 R6c5 25. Nb3 Rc6 26. Nd4 1/2-1/2

[Event "CAN-ch U20"]
[Site "Victoria CAN"]
[Date "2009.07.26"]
[Round "4"]
[White "Zhang, David"]
[Black "Wang, Richard"]
[Result "1/2-1/2"]
[WhiteElo "2114"]
[BlackElo "2097"]
[PlyCount "42"]
[GameId "2160767910093448"]
[EventDate "2009.07.25"]
[EventType "swiss"]
[EventRounds "7"]
[EventCountry "CAN"]
[SourceTitle "EXT 2011"]
[Source "ChessBase"]
[SourceDate "2011.11.26"]
[SourceVersion "1"]
[SourceVersionDate "2011.11.26"]
[SourceQuality "1"]

1. e4 c5 2. Nf3 d6 3. Bb5+ Nd7 4. d4 Ngf6 5. dxc5 Nxe4 6. Bxd7+ Bxd7 7. cxd6 Nxd6 8. O-O e6 9. Bf4 Bb5 10. Re1 Be7 11. Nc3 Bc6 12. Ne5 O-O 13. Nxc6 bxc6 14. Qf3 Qb6 15. b3 Nf5 16. Na4 Qa6 17. Rad1 Rad8 18. Be5 c5 19. Qe4 Qb5 20. Nb2 Bd6 21. Bc3 Qb4 1/2-1/2

[Event "CAN-ch U20"]
[Site "Victoria CAN"]
[Date "2009.07.27"]
[Round "5"]
[White "Wang, Richard"]
[Black "Li, Changhe"]
[Result "1-0"]
[WhiteElo "2097"]
[BlackElo "2065"]
[PlyCount "101"]
[GameId "2160767910093454"]
[EventDate "2009.07.25"]
[EventType "swiss"]
[EventRounds "7"]
[EventCountry "CAN"]
[SourceTitle "EXT 2011"]
[Source "ChessBase"]
[SourceDate "2011.11.26"]
[SourceVersion "1"]
[SourceVersionDate "2011.11.26"]
[SourceQuality "1"]

1. d4 d5 2. Nf3 Nf6 3. Bg5 c6 4. e3 a6 5. c3 Bf5 6. Bd3 Be4 7. O-O Nbd7 8. Ne5 Bxd3 9. Qxd3 Ne4 10. Bf4 Nxe5 11. Bxe5 f6 12. f3 Nd6 13. Bg3 Qb6 14. b3 Qb5 15. Qc2 e6 16. e4 O-O-O 17. Nd2 Qb6 18. Qd3 dxe4 19. Nxe4 Nxe4 20. fxe4 Bd6 21. Bxd6 Rxd6 22. Qg3 Rd7 23. Kh1 h5 24. h3 Rh6 25. e5 Qc7 26. Rae1 g5 27. Qe3 Qd8 28. exf6 Rxf6 29. Rxf6 Qxf6 30. Qxe6 Qxe6 31. Rxe6 Rd5 32. Kg1 Rf5 33. Re3 c5 34. dxc5 Rxc5 35. Kf2 a5 36. g4 hxg4 37. hxg4 a4 38. Rf3 axb3 39. axb3 Kd7 40. c4 Ke6 41. Ke3 b5 42. Kd4 Rc8 43. cxb5 Rc1 44. Rf5 Rd1+ 45. Kc4 Rc1+ 46. Kb4 Rg1 47. Rxg5 Kf6 48. Rf5+ Ke6 49. Rf4 Ke5 50. Rc4 Kd6 51. b6 1-0

[Event "CAN-ch U20"]
[Site "Victoria CAN"]
[Date "2009.07.27"]
[Round "6"]
[White "Zhu, Zheng"]
[Black "Wang, Richard"]
[Result "0-1"]
[WhiteElo "1581"]
[BlackElo "2097"]
[PlyCount "62"]
[GameId "2160767910093460"]
[EventDate "2009.07.25"]
[EventType "swiss"]
[EventRounds "7"]
[EventCountry "CAN"]
[SourceTitle "EXT 2011"]
[Source "ChessBase"]
[SourceDate "2011.11.26"]
[SourceVersion "1"]
[SourceVersionDate "2011.11.26"]
[SourceQuality "1"]

1. e4 c5 2. Nf3 d6 3. c3 Nf6 4. Be2 Nc6 5. d4 cxd4 6. cxd4 e6 7. Nc3 Be7 8. O-O d5 9. e5 Ne4 10. Bd3 Nxc3 11. bxc3 O-O 12. Qc2 h6 13. Be3 b6 14. Qd2 f5 15. exf6 Bxf6 16. Rfe1 Bd7 17. Ne5 Nxe5 18. dxe5 Bxe5 19. Bxh6 Bxh2+ 20. Kxh2 Qh4+ 21. Kg1 Qxh6 22. Re3 Rae8 23. Qc2 e5 24. Rd1 Rf4 25. g3 Ba4 26. Qd2 Rf6 27. Rde1 Ref8 28. R1e2 e4 29. Bb1 Bc6 30. f4 exf3 31. Rf2 Qg5 0-1

[Event "CAN-ch U20"]
[Site "Victoria CAN"]
[Date "2009.07.27"]
[Round "7"]
[White "Wang, Richard"]
[Black "Panjwani, Raja"]
[Result "1/2-1/2"]
[WhiteElo "2097"]
[BlackElo "2454"]
[PlyCount "22"]
[GameId "2160767910093465"]
[EventDate "2009.07.25"]
[EventType "swiss"]
[EventRounds "7"]
[EventCountry "CAN"]
[SourceTitle "EXT 2011"]
[Source "ChessBase"]
[SourceDate "2011.11.26"]
[SourceVersion "1"]
[SourceVersionDate "2011.11.26"]
[SourceQuality "1"]

1. d4 d5 2. Nf3 e6 3. Bg5 Be7 4. Bxe7 Qxe7 5. c3 Nf6 6. Nbd2 O-O 7. e3 c5 8. Bd3 Nc6 9. Ne5 Nxe5 10. dxe5 Nd7 11. f4 f6 1/2-1/2

[Event "CYCC U12"]
[Site "Victoria CAN"]
[Date "2009.07.21"]
[Round "1"]
[White "McCleary, Reuben"]
[Black "Wang, Richard"]
[Result "1/2-1/2"]
[WhiteElo "1508"]
[BlackElo "2045"]
[PlyCount "66"]
[GameId "2160767910093717"]
[EventDate "2009.07.21"]
[EventType "swiss"]
[EventRounds "7"]
[EventCountry "CAN"]
[SourceTitle "EXT 2011"]
[Source "ChessBase"]
[SourceDate "2011.11.26"]
[SourceVersion "1"]
[SourceVersionDate "2011.11.26"]
[SourceQuality "1"]

1. e4 c5 2. c3 d5 3. exd5 Qxd5 4. d4 Nf6 5. Nf3 Bg4 6. Be2 e6 7. O-O Be7 8. Bf4 O-O 9. Nbd2 Nc6 10. Nb3 Qe4 11. Qd2 cxd4 12. cxd4 Bb4 13. Qe3 Qc2 14. Bd3 Qxb2 15. Qc1 Qxc1 16. Raxc1 Rfd8 17. Rfd1 Ba3 18. Rc4 Nd5 19. Bg3 Nb6 20. Rc2 g6 21. Be4 Nb4 22. Rc7 Nxa2 23. Ra1 Nc3 24. Rxc3 Bb2 25. Rac1 Bxc1 26. Rxc1 Nd5 27. Bxd5 Rxd5 28. Rc7 Rb5 29. Nfd2 a5 30. Nc5 Rb2 31. Nce4 Bf5 32. h3 a4 33. Be5 Bxe4 1/2-1/2

[Event "CYCC U12"]
[Site "Victoria CAN"]
[Date "2009.07.21"]
[Round "2"]
[White "Plotkin, Mark"]
[Black "Wang, Richard"]
[Result "0-1"]
[WhiteElo "1624"]
[BlackElo "2103"]
[PlyCount "49"]
[GameId "2160767910093723"]
[EventDate "2009.07.21"]
[EventType "swiss"]
[EventRounds "7"]
[EventCountry "CAN"]
[SourceTitle "hb 2009.10"]

1. e4 c5 2. Nf3 d6 3. Nc3 Nf6 4. d4 cxd4 5. Nxd4 g6 6. Bc4 Bg7 7. Be3 Nc6 8. f3 Bd7 9. Qd2 O-O 10. O-O-O Rb8 11. g4 b5 12. Bb3 Nxd4 13. Bxd4 a5 14. a3 b4 15. Nb1 a4 16. Bc4 Qc7 17. Bd3 e5 18. Be3 bxa3 19. bxa3 d5 20. h4 dxe4 21. Bxe4 Rfd8 22. Qc3 Rxb1+ 23. Kd2 Nxe4+ 24. fxe4 Bxg4+ 25. Bd4 0-1

[Event "CYCC U12"]
[Site "Victoria CAN"]
[Date "2009.07.22"]
[Round "3"]
[White "Wang, Richard"]
[Black "Jensen, Jacob"]
[Result "1-0"]
[WhiteElo "2045"]
[BlackElo "1635"]
[PlyCount "41"]
[GameId "2160767910093735"]
[EventDate "2009.07.21"]
[EventType "swiss"]
[EventRounds "7"]
[EventCountry "CAN"]
[SourceTitle "EXT 2011"]
[Source "ChessBase"]
[SourceDate "2011.11.26"]
[SourceVersion "1"]
[SourceVersionDate "2011.11.26"]
[SourceQuality "1"]

1. d4 Nf6 2. Nf3 e6 3. Bg5 b6 4. Nbd2 Bb7 5. c3 h6 6. Bh4 g5 7. Bg3 Ne4 8. Nxe4 Bxe4 9. Nd2 Bb7 10. e4 f5 11. Qh5+ Ke7 12. exf5 exf5 13. O-O-O Bg7 14. Re1+ Kf8 15. Bxc7 Qc8 16. Bd6+ Kg8 17. Bc4+ Kh7 18. Bf7 Rd8 19. Qg6+ Kh8 20. Be5 Bxe5 21. Qxh6# 1-0

[Event "CYCC U12"]
[Site "Victoria CAN"]
[Date "2009.07.22"]
[Round "4"]
[White "Wang, Richard"]
[Black "Fu, James"]
[Result "1/2-1/2"]
[WhiteElo "2045"]
[BlackElo "1806"]
[PlyCount "139"]
[GameId "2160767910093743"]
[EventDate "2009.07.21"]
[EventType "swiss"]
[EventRounds "7"]
[EventCountry "CAN"]
[SourceTitle "EXT 2011"]
[Source "ChessBase"]
[SourceDate "2011.11.26"]
[SourceVersion "1"]
[SourceVersionDate "2011.11.26"]
[SourceQuality "1"]

1. d4 Nf6 2. Nf3 e6 3. Bg5 Be7 4. Nbd2 d5 5. e3 O-O 6. Bd3 b6 7. c3 Bb7 8. Ne5 Nbd7 9. Qf3 c5 10. Qh3 Ne4 11. Bxe7 Qxe7 12. Nxd7 Qxd7 13. f3 Ng5 14. Qh5 h6 15. h4 Nh7 16. g4 f5 17. g5 Qe8 18. Qxe8 Raxe8 19. f4 h5 20. Bb5 Re7 21. a4 c4 22. a5 a6 23. Ba4 b5 24. Bd1 g6 25. Nf3 Rc8 26. Ne5 Kg7 27. Kd2 Nf8 28. b3 Nd7 29. bxc4 dxc4 30. Rf1 Nxe5 31. fxe5 Rec7 32. Bf3 Rf8 33. Rab1 Rff7 34. Bxb7 Rxb7 35. Ke2 Rf8 36. Kf3 Rfb8 37. Rb4 Rf8 38. Rbb1 Rfb8 39. e4 b4 40. cxb4 Rxb4 41. Rxb4 Rxb4 42. exf5 gxf5 43. Rc1 Kg6 44. Ke2 f4 45. Kd2 Ra4 46. Kc3 Kf5 47. Rg1 Kg6 48. Rf1 Kf5 49. g6 Ra3+ 50. Kxc4 Rg3 51. d5 exd5+ 52. Kxd5 Rxg6 53. Re1 Re6 54. Kd4 f3 55. Rg1 Kf4 56. Rf1 Rxe5 57. Rxf3+ Kxf3 58. Kxe5 Kg4 59. Ke4 Kxh4 60. Kf4 Kh3 61. Kf3 h4 62. Kf2 Kg4 63. Kg2 Kf4 64. Kh3 Ke4 65. Kxh4 Kd4 66. Kg3 Ke3 67. Kg4 Kd3 68. Kf3 Kc3 69. Ke4 Kb4 70. Kd3 1/2-1/2

[Event "CYCC U12"]
[Site "Victoria CAN"]
[Date "2009.07.22"]
[Round "5"]
[White "Pecherski, Daniel"]
[Black "Wang, Richard"]
[Result "0-1"]
[WhiteElo "1731"]
[BlackElo "2045"]
[PlyCount "76"]
[GameId "2160767910093748"]
[EventDate "2009.07.21"]
[EventType "swiss"]
[EventRounds "7"]
[EventCountry "CAN"]
[SourceTitle "EXT 2011"]
[Source "ChessBase"]
[SourceDate "2011.11.26"]
[SourceVersion "1"]
[SourceVersionDate "2011.11.26"]
[SourceQuality "1"]

1. d4 d5 2. Nf3 Nf6 3. e3 e6 4. Bd3 c5 5. c3 Nbd7 6. O-O Bd6 7. Nbd2 O-O 8. Qe2 e5 9. dxe5 Nxe5 10. Nxe5 Bxe5 11. e4 Re8 12. f4 dxe4 13. Nxe4 Bd4+ 14. cxd4 Nxe4 15. Bxe4 Qxd4+ 16. Qf2 Rxe4 17. Qxd4 cxd4 18. Bd2 Be6 19. Rfe1 f5 20. a3 Bd5 21. Rac1 Rae8 22. Kf2 b5 23. Rc5 Bc4 24. Re5 R8xe5 25. fxe5 Kf7 26. Bb4 Ke6 27. Rxe4 fxe4 28. Bd6 e3+ 29. Ke1 d3 30. Bb4 d2+ 31. Bxd2 exd2+ 32. Kxd2 Kxe5 33. Kc3 Bf1 34. g3 Ke4 35. Kb4 Kf3 36. Ka5 Kg2 37. Ka6 Kxh2 38. Kxa7 Kxg3 0-1

[Event "CYCC U12"]
[Site "Victoria CAN"]
[Date "2009.07.23"]
[Round "6"]
[White "Lai, Peter"]
[Black "Wang, Richard"]
[Result "0-1"]
[WhiteElo "1773"]
[BlackElo "2045"]
[PlyCount "80"]
[GameId "2160767910093756"]
[EventDate "2009.07.21"]
[EventType "swiss"]
[EventRounds "7"]
[EventCountry "CAN"]

1. d4 d5 2. c4 e6 3. Nc3 c6 4. Nf3 Nf6 5. e3 Nbd7 6. Bd3 dxc4 7. Bxc4 b5 8. Bd3 Bb7 9. O-O a6 10. e4 c5 11. e5 cxd4 12. Nxb5 axb5 13. exf6 Qxf6 14. Bxb5 Bxf3 15. Qxf3 Qxf3 16. gxf3 Bc5 17. Rd1 e5 18. a4 Ke7 19. Bxd7 Kxd7 20. Bd2 Rhb8 21. Rdb1 Rb3 22. a5 Kc6 23. a6 Kb6 24. Ba5+ Kb5 25. Bc7 Rxa6 26. Rxa6 Kxa6 27. Bxe5 f6 28. Bg3 Rxf3 29. b4 Bb6 30. Kg2 Rf5 31. Kf1 d3 32. Ke1 Kb5 33. Rd1 Kc4 34. Rd2 Bd4 35. Kd1 Bc3 36. Ra2 Bxb4 37. Bc7 Kb3 38. Ra1 Rxf2 39. Rb1+ Kc4 40. Rc1+ Kd5 0-1

[Event "CYCC U12"]
[Site "Victoria CAN"]
[Date "2009.07.24"]
[Round "7"]
[White "Wang, Richard"]
[Black "Kalra, Agastya"]
[Result "1-0"]
[WhiteElo "2045"]
[BlackElo "1817"]
[PlyCount "49"]
[GameId "2160767910093769"]
[EventDate "2009.07.21"]
[EventType "swiss"]
[EventRounds "7"]
[EventCountry "CAN"]
[SourceTitle "EXT 2011"]
[Source "ChessBase"]
[SourceDate "2011.11.26"]
[SourceVersion "1"]
[SourceVersionDate "2011.11.26"]
[SourceQuality "1"]

1. d4 Nf6 2. Nf3 g6 3. Bg5 Bg7 4. Nbd2 O-O 5. c3 d6 6. e4 Nbd7 7. Bc4 c5 8. e5 dxe5 9. dxe5 Ne8 10. e6 fxe6 11. Bxe6+ Kh8 12. O-O Ndf6 13. Bxc8 Rxc8 14. Qb3 b6 15. Rfe1 Rc7 16. Rad1 Qb8 17. Nc4 b5 18. Bf4 Ng4 19. Bxc7 Qxc7 20. Ncd2 Qb6 21. Qe6 Qxe6 22. Rxe6 Bf6 23. Ne4 Nc7 24. Nxf6 Rxf6 25. Rd8+ 1-0

[Event "CAN-op"]
[Site "Edmonton CAN"]
[Date "2009.07.11"]
[Round "1.70"]
[White "Desjardins, Simon-Pierre"]
[Black "Wang, Richard"]
[Result "0-1"]
[WhiteElo "2016"]
[BlackElo "2045"]
[PlyCount "90"]
[GameId "2160767910155733"]
[EventDate "2009.07.11"]
[EventType "swiss"]
[EventRounds "9"]
[EventCountry "CAN"]
[SourceTitle "EXT 2022"]
[Source "ChessBase"]
[SourceDate "2021.10.06"]
[SourceVersion "1"]
[SourceVersionDate "2021.10.06"]
[SourceQuality "1"]

1. e4 c5 2. Nf3 d6 3. d3 Nc6 4. g3 g6 5. Bg2 Bg7 6. O-O e6 7. c3 Nge7 8. Be3 O-O 9. Nbd2 b6 10. Nh4 Bb7 11. f4 f5 12. Qb3 d5 13. Rad1 Qd7 14. Ndf3 Ba6 15. Rfe1 Bxd3 16. exd5 Na5 17. dxe6 Qc8 18. Qa4 Be4 19. Bf2 Bf6 20. Rxe4 fxe4 21. Qxe4 Qc6 22. Qe2 Rad8 23. Rxd8 Rxd8 24. b4 cxb4 25. cxb4 Qc4 26. Qxc4 Nxc4 27. a4 Rd6 28. g4 Rxe6 29. f5 Rd6 30. Bg3 Rd1+ 31. Kf2 g5 32. Nxg5 Bxg5 33. Nf3 Be3+ 34. Ke2 Rb1 35. Kd3 Rxb4 36. Nh4 Kf7 37. Bf3 Bg5 38. Ng2 Rb3+ 39. Kxc4 Rxf3 40. Ne1 Re3 41. Nd3 Re4+ 42. Kb5 Kf6 43. h4 Be3 44. Nb4 Rxg4 45. Bd6 Kxf5 0-1

[Event "CAN-op"]
[Site "Edmonton CAN"]
[Date "2009.07.12"]
[Round "2.23"]
[White "Wang, Richard"]
[Black "Tayar, Jonathan"]
[Result "0-1"]
[WhiteElo "2045"]
[BlackElo "2392"]
[PlyCount "132"]
[GameId "2160767910155779"]
[EventDate "2009.07.11"]
[EventType "swiss"]
[EventRounds "9"]
[EventCountry "CAN"]

1. d4 Nf6 2. Nf3 g6 3. Bg5 Bg7 4. Nbd2 c5 5. Bxf6 Bxf6 6. Ne4 Bxd4 7. Nxd4 cxd4 8. Qxd4 O-O 9. e3 Nc6 10. Qd2 d5 11. Nc3 Be6 12. Be2 Qa5 13. Nb5 Qb6 14. O-O Rac8 15. c3 Rfd8 16. f4 Bf5 17. Nd4 Be4 18. Bg4 f5 19. Bf3 Na5 20. Bxe4 dxe4 21. b3 Qc7 22. c4 Nc6 23. Qc3 Nxd4 24. exd4 Qb6 25. Rad1 Rd7 26. Kh1 e6 27. Rd2 Qd6 28. Qe3 b5 29. Qc3 bxc4 30. bxc4 Qc7 31. c5 Rcd8 32. Qc4 Rd5 33. Qa6 Kf7 34. Rb2 Rb8 35. Rxb8 Qxb8 36. Qa4 Kf6 37. Qc2 Qb5 38. Qf2 Rd7 39. Rc1 Qc6 40. Qe3 Kf7 41. h3 Rc7 42. Qc3 Qd5 43. a3 h6 44. c6 Qd6 45. g3 Qd5 46. Kg1 g5 47. Kf2 Qa2+ 48. Rc2 Qb1 49. Rb2 Rxc6 50. Rxb1 Rxc3 51. Rb7+ Kf6 52. fxg5+ hxg5 53. Rxa7 Rd3 54. a4 Rxd4 55. a5 Rd2+ 56. Ke3 Rd3+ 57. Kf2 f4 58. gxf4 gxf4 59. h4 Rd2+ 60. Ke1 Rh2 61. a6 Rxh4 62. Ra8 Rh1+ 63. Ke2 Rh2+ 64. Ke1 Ra2 65. a7 Ke5 66. Rb8 Rxa7 0-1

[Event "CAN-op"]
[Site "Edmonton CAN"]
[Date "2009.07.13"]
[Round "3.55"]
[White "Lefkowitz, Phil"]
[Black "Wang, Richard"]
[Result "0-1"]
[WhiteElo "1700"]
[BlackElo "2045"]
[PlyCount "74"]
[GameId "2160767910155865"]
[EventDate "2009.07.11"]
[EventType "swiss"]
[EventRounds "9"]
[EventCountry "CAN"]
[SourceTitle "EXT 2022"]
[Source "ChessBase"]
[SourceDate "2021.10.06"]
[SourceVersion "1"]
[SourceVersionDate "2021.10.06"]
[SourceQuality "1"]

1. d4 d5 2. c4 e6 3. Nc3 c6 4. Nf3 Nf6 5. Bg5 dxc4 6. a4 Bb4 7. e4 Qa5 8. Bxf6 Bxc3+ 9. bxc3 Qxc3+ 10. Nd2 gxf6 11. Bxc4 Qxd4 12. O-O Nd7 13. Bxe6 fxe6 14. Qh5+ Kd8 15. Rad1 Qc5 16. Qf7 Qe7 17. Qh5 Kc7 18. Nc4 b6 19. e5 Ba6 20. Rc1 Bxc4 21. Rxc4 Nxe5 22. Rc2 Kb7 23. f4 Nd7 24. a5 Nc5 25. Rb1 e5 26. fxe5 fxe5 27. Qf3 Rhd8 28. a6+ Kc7 29. Rbc1 Rd3 30. Qe2 Rad8 31. Kh1 e4 32. h3 e3 33. Qh5 R8d5 34. Qg4 Qg5 35. Qf3 Qf5 36. Qg3+ Qe5 37. Qg8 Rd1+ 0-1

[Event "CAN-op"]
[Site "Edmonton CAN"]
[Date "2009.07.14"]
[Round "4.22"]
[White "Wang, Richard"]
[Black "Martchenko, Alexander"]
[Result "1/2-1/2"]
[WhiteElo "2045"]
[BlackElo "2314"]
[PlyCount "86"]
[GameId "2160767910155934"]
[EventDate "2009.07.11"]
[EventType "swiss"]
[EventRounds "9"]
[EventCountry "CAN"]
[SourceTitle "EXT 2022"]
[Source "ChessBase"]
[SourceDate "2021.10.06"]
[SourceVersion "1"]
[SourceVersionDate "2021.10.06"]
[SourceQuality "1"]

1. d4 d5 2. Nf3 e6 3. Bg5 Be7 4. Bxe7 Qxe7 5. c3 Nd7 6. Nbd2 Ngf6 7. e3 O-O 8. Bd3 e5 9. dxe5 Nxe5 10. Nxe5 Qxe5 11. O-O c5 12. Nf3 Qh5 13. h3 Bd7 14. Nd2 Qh6 15. f4 Rfe8 16. Qf3 Bc6 17. Qf2 Re7 18. Rfe1 Rae8 19. Nf1 g6 20. Rab1 Nd7 21. b4 b6 22. Ng3 Qg7 23. Qd2 h5 24. c4 d4 25. e4 h4 26. Nh1 Bxe4 27. Nf2 f5 28. a3 Nf6 29. bxc5 bxc5 30. Qa5 Bxd3 31. Nxd3 Rxe1+ 32. Rxe1 Rxe1+ 33. Qxe1 Ne4 34. Qxh4 Qf8 35. g4 Qb8 36. gxf5 gxf5 37. Ne1 Qd6 38. Nd3 Qg6+ 39. Kh2 Kg7 40. Nxc5 Qf7 41. Nxe4 fxe4 42. Qg5+ Kh7 43. Qh4+ Kg7 1/2-1/2

[Event "CAN-op"]
[Site "Edmonton CAN"]
[Date "2009.07.15"]
[Round "5.26"]
[White "Li, Zhichao"]
[Black "Wang, Richard"]
[Result "1/2-1/2"]
[WhiteElo "2183"]
[BlackElo "2068"]
[PlyCount "77"]
[GameId "2160767910156029"]
[EventDate "2009.07.11"]
[EventType "swiss"]
[EventRounds "9"]
[EventCountry "CAN"]
[SourceTitle "EXT 2022"]
[Source "ChessBase"]
[SourceDate "2021.10.06"]
[SourceVersion "1"]
[SourceVersionDate "2021.10.06"]
[SourceQuality "1"]

1. d4 d5 2. c4 e6 3. Nf3 c6 4. Nc3 Nf6 5. e3 Nbd7 6. Bd3 dxc4 7. Bxc4 b5 8. Bd3 Bb7 9. O-O a6 10. e4 c5 11. d5 c4 12. Bc2 e5 13. Ne2 Bc5 14. Ng3 Qb6 15. Nh4 g6 16. Bh6 Bd4 17. Rb1 O-O-O 18. Nf3 Ng4 19. Nxd4 Nxh6 20. Nf3 f6 21. Qd2 Nf7 22. b3 cxb3 23. Rxb3 Nc5 24. Rb2 Nd6 25. Qc3 Kb8 26. Nd2 Rc8 27. Qf3 Rhf8 28. Qe2 Qa5 29. Nb3 Qa3 30. Nxc5 Qxb2 31. Nd7+ Ka8 32. Bd3 Qxe2 33. Nxe2 Rfd8 34. Nb6+ Ka7 35. Nxc8+ Rxc8 36. f4 Nc4 37. fxe5 Nxe5 38. Bb1 f5 39. exf5 1/2-1/2